00700nam a22001937a 450000500170000001000150001702000260003203500140005803700090007208200130008110000240009424501850011825000060030326000310030927000830034030000270042370000280045070000280047820250825113323.0 aENG-146499 a9789349015197c695.00 aEN-130031 bDBAD a382.121 aNedumpara, James J  aBespoke Treaties or Standard Models?:bA Study of International Investment Treaty Provisions of India’s Key Trade Partners/cJames J Nedumpara; Sunanda Tewari [and] Pushkar Reddy a1 aGurgaonbLexis Nexisc2025 a14th Floor, Building No.10, Tower-B, DLF Cyber City, Phase-IIbGurgaone122002 axxxvi, 266p.c24cm(pb) aTewari, SunandaeAuthor aReddy, Pushkar eAuthor